The Income tax act, 1961 : (Record no. 64725)

MARC details
000 -LEADER
fixed length control field 00782cam a22002411 4500
001 - CONTROL NUMBER
control field sa 65006576
003 - CONTROL NUMBER IDENTIFIER
control field DLC
005 - DATE AND TIME OF LATEST TRANSACTION
control field 20260227112143.0
008 - FIXED-LENGTH DATA ELEMENTS--GENERAL INFORMATION
fixed length control field 900411s1964 ii 000 0 eng
010 ## - LIBRARY OF CONGRESS CONTROL NUMBER
LC control number sa 65006576
035 ## - SYSTEM CONTROL NUMBER
System control number (OCoLC)21356709
040 ## - CATALOGING SOURCE
Original cataloging agency DLC
Transcribing agency ViU
Modifying agency ViU
-- DLC
042 ## - AUTHENTICATION CODE
Authentication code premarc
050 00 - LIBRARY OF CONGRESS CALL NUMBER
Classification number KNS2832.A311961
Item number M35 1964
110 1# - MAIN ENTRY--CORPORATE NAME
Corporate name or jurisdiction name as entry element India.
240 00 - UNIFORM TITLE
Uniform title Laws, etc.
245 14 - TITLE STATEMENT
Title The Income tax act, 1961 :
Remainder of title as amended upto date, to-gether with comparative tables of new and old acts; Finance acts, 1963 and 1964 /
Statement of responsibility, etc. by K. K. Malik.
250 ## - EDITION STATEMENT
Edition statement 1964-1965 budget ed.
260 ## - PUBLICATION, DISTRIBUTION, ETC.
Place of publication, distribution, etc. Lucknow :
Name of publisher, distributor, etc. Eastern Book Co.,
Date of publication, distribution, etc. 1964.
300 ## - PHYSICAL DESCRIPTION
Extent xxix, 228, [44], 216 p. ;
Dimensions 25 cm.
650 #0 - SUBJECT ADDED ENTRY--TOPICAL TERM
Topical term or geographic name entry element Income tax
General subdivision Law and legislation
Geographic subdivision India.
700 1# - ADDED ENTRY--PERSONAL NAME
Personal name Malik, K. K.

No items available.

Powered by Koha